|
|
|
|
| LEADER |
00000nab a2200000 a 4500 |
| 001 |
vtls010726191 |
| 003 |
SK-MaSNL |
| 005 |
20260304193738.0 |
| 008 |
250709s xo |||||||||||||||||slo| |
| 035 |
|
|
|a (urnnbn)urn:nbn:sk:snk:ar-a04zg4
|
| 035 |
|
|
|a (uuid)f4d003e7-39d7-4638-b49e-22723b9da24e
|
| 035 |
|
|
|a urn:nbn:sk:snk-ab3pxx
|
| 040 |
|
|
|a SNKBUCL
|b slo
|c SNKBUCL
|e AACR2
|
| 041 |
0 |
|
|a slo
|
| 044 |
|
|
|a xo
|c SK
|
| 100 |
1 |
|
|a Ballay, Jozef
|4 aut
|9 5820
|
| 245 |
1 |
0 |
|a Slovenský jazyk v odborných a učňovských školách
|c Jozef Ballay
|
| 773 |
0 |
|
|t Slovenský jazyk a literatúra v škole : časopis pre otázky jazyka a literatúry
|g Roč. 23, č. 1 (1976-1977), s. 8-9
|
| 850 |
|
|
|a Slovenská národná knižnica
|
| 852 |
|
|
|a Slovenská národná knižnica
|
| 954 |
|
|
|a odborná, vedecká literatúra pôvodná (slovenská)
|2 lita
|
| 958 |
|
|
|a article1
|
| 958 |
|
|
|a OND
|
| 958 |
|
|
|a EUIPO
|
| 999 |
|
|
|c 3068913
|d 3070843
|